000 01347nmm a2200337 a 4500
001 ocm0002146783
003 TR-IsHL
005 20201028183820.0
008 190423s2011 tu tur
007 cr cn
020 _a9786055655679
035 _a2146783
_b(N$T)
050 0 4 _aHD30.28
_b.C7319 2011
090 0 4 _aHD30.28
_b.C7319 2011
245 1 0 _aİş planı oluşturmak: her gün karşılaştığınız sorunlara uzman çözümler
_h[electronic resource] /
_cHarvard Business School ; çeviren, Melis İnan ; yayıma hazırlayan Cemal Engin
260 _aİstanbul :
_bOptimist Yayınları,
_c2011
300 _a127 p.
650 4 _aİşletme ve Yönetim
650 4 _aBusiness Management
650 0 _aİşletme planlaması
_x El kitapları, vb.
650 0 _aBusiness planning
_x Handbooks, manuals, etc.
650 0 _aİşletme
_x El kitapları, vb.
650 0 _aBusiness
_x Handbooks, manuals, etc.
650 0 _aTicari teşebbüsler
_x Finans
_x El kitapları, vb.
650 0 _aBusiness enterprises
_x Finance
_x Handbooks, manuals, etc.
650 7 _aBUSINESS & ECONOMICS / Strategic Planning
_2bisacsh
700 1 _aHarvard Business School
700 1 _aİnan, Melis
700 1 _aErgin, Cemal
856 4 0 _uhttp://search.ebscohost.com/login.aspx?direct=true&scope=site&db=e011xww&AN=2146783
999 _c20714
_d20714